| 000 | 00966nam a2200289 i 4500 | ||
|---|---|---|---|
| 001 | bg | ||
| 003 | KOSZ 005 | ||
| 005 | 20220527110517.0 | ||
| 008 | 071113s1967 pl a f 001 0 pol | ||
| 015 | _aPB 1967/1957 | ||
| 040 |
_aWA N _cKOSZ 005/RW _dKOSZ 005/RW |
||
| 080 | _a371 | ||
| 100 | 1 |
_aSośnicki, Kazimierz _d(1883-1976) _eAutor |
|
| 245 | 1 | 0 |
_aIstota i cele wychowania / _cKazimierz Sośnicki. |
| 250 | _aWyd. 2. | ||
| 260 |
_aWarszawa : _b"Nasza Księgarnia", _c1967. |
||
| 300 |
_a235, [1] s. : _bil. ; _c23 cm. |
||
| 380 | _aKsiążki | ||
| 490 | 1 | _aBiblioteka Wiedzy Pedagogicznej. | |
| 504 | _aIndeks. | ||
| 650 | 4 | _aTeoria wychowania | |
| 658 | _aEdukacja i pedagogika | ||
| 710 | 2 |
_aInstytut Wydawniczy "Nasza Księgarnia" _4pbl. |
|
| 830 | 0 | _aBiblioteka Wiedzy Pedagogicznej | |
| 856 |
_uhttp://koha.tu.koszalin.pl/cgi-bin/koha/opac-detail.pl?biblionumber=11593 _yKatalog online BPK |
||
| 942 |
_2UKD _cKS |
||
| 999 |
_c11593 _d11593 |
||